1130 1165 1933 1121 1235 1349 1855 1708 1202 1524 1140 1400 1286 1348 1958 1026 1485 1837 1287 1308 1051 1505 1895 1351 1882 1543 1206 1275 1152 1659 1825 1197 1877 1728 1992 1686 1693 1950 1403 1685 1176 1306 1171 1875 1204 1433 1219 1340 1664 1260 1103 1698 1137 1384 1949 1824 1297 1507 1711 1792 1917 1945 1855 1233 1352 1173 1440 1252 1519 1117 1705 1591 1070 1470 1480 1697 1487 1533 1927 1860 1259 1735 1904 1277 1624 1889 1334 1331 1579 1187 1063 1455 1527 1893 1754 1733 1784 1713 1455 BCNSPRNW ULIB Ver.6.0+V

เปลี่ยนเป็นภาษาไทย

Change to English
 แสดงรายละเอียดบรรณานุกรม
  กลับหน้าหลัก

Brief Record : Get Marc (ISO 2709) : E-mail record : QR code < ปิดหน้าต่าง
LEADER : 00000nas 2200000uu 4500
001    13399125113
003     ULIB
008    020711s|||| th a 000 0 tha d
022    08589437
110    สถาบันวิจัยระบบสาธารณสุข
245    วารสารวิจัยระบบสาธารณสุข/^cสถาบันวิจัยระบบสาธารณสุข
260    นนทบุรี :^bสถาบันวิจัยระบบสาธารณสุข,^cม.ป.ป.
310    ^aรายสามเดือน
850 ^a ULIB^bปีที่ 6 ฉบับที่ 4 ฉ.1
945    ^p0^l0^i903939
รายการนี้ยังไม่มีแท็ก
คุณยังไม่ได้ล็อกอิน คุณสามารถมีกิจกรรมร่วมกับเว็บไซต์ได้ แต่ต้องล็อกอินก่อน ::
  ล็อกอิน

รายการสื่อสารสนเทศ (วารสาร)

ดูแบบ: กล่อง รายการ
ARRIVED
ปีที่ 6 ฉบับที่ 4 ฉ.1
สถานที่: ห้องสมุดวิทยาเขตสวรรค์ประชารักษ์ >วารสาร

BibComment


ยังไม่เคยถูกคอมเมนท์

คอมเมนท์ทรัพยากรรายการนี้
  คอมเมนท์: วารสารวิจัยระบบสา..


 Copyright 2026. Bcnsprnw @Library